000
00299nam a22001337a 4500
082
_a
894.812.3
_b
JAY/L
100
_a
JAYAKUMAR, VIJAYALALYAM
245
_a
LAKSHMANA VISHADHAM
260
_a
TRIVANDUM
_b
PRABHATH BOOKS HOUSE
_c
1998
300
_a
200
520
_a
NOVEL
650
_a
NOVEL
942
_c
BK
999
_c
4919
_d
4919